Vögel Schweiz #2 - Statistiken

Allgemein
  • Dieses Quiz wurde 13 mal gespielt
  • Das Durchschnittsergebnis liegt bei 8 aus 16
Antwortstatistiken
Bildquiz Antwort % Korrekt
Stieglitz
80%
Zaunkönig
80%
Rauchschwalbe
70%
Wiedehopf
70%
Gebirgsstelze
50%
Grauspecht
50%
Mönchsgrasmücke
50%
Wintergoldhähnchen
50%
Alpendohle
40%
Bergfink
40%
Dreizehenspecht
40%
Raubwürger
40%
Blaukelchen
30%
Bluthänfling
30%
Ringdrossel
30%
Tannenhäher
30%
Keine übereinstimmenden Quizze gefunden
Verteilung der Resultate
Anzahl Personen mit jedem Resultat
Perzentil nach korrekt beantworteten Fragen
Ihre Resultats-Entwicklung
Sie haben dieses Quiz noch nicht gespielt